Education in post independent India/ (Record no. 11237)

MARC details
000 -LEADER
fixed length control field 00649nam a22002297a 4500
005 - DATE AND TIME OF LATEST TRANSACTION
control field 20211117140533.0
008 - FIXED-LENGTH DATA ELEMENTS--GENERAL INFORMATION
fixed length control field 211117b ||||| |||| 00| 0 eng d
020 ## - INTERNATIONAL STANDARD BOOK NUMBER
International Standard Book Number 9789391060947
040 ## - CATALOGING SOURCE
Original cataloging agency IN-DiNC
Transcribing agency IN-DiNC
041 ## - LANGUAGE CODE
Language code of sung or spoken text English
082 ## - DEWEY DECIMAL CLASSIFICATION NUMBER
Classification number 370.54
Item number EDU
245 ## - TITLE STATEMENT
Title Education in post independent India/
Statement of responsibility, etc. by Nabanita Deka and others
250 ## - EDITION STATEMENT
Edition statement 1st ed.
260 ## - PUBLICATION, DISTRIBUTION, ETC.
Place of publication, distribution, etc. Dibrugarh:
Name of publisher, distributor, etc. Banalata,
Date of publication, distribution, etc. 2021
300 ## - PHYSICAL DESCRIPTION
Extent 552p.
650 ## - SUBJECT ADDED ENTRY--TOPICAL TERM
Topical term or geographic name entry element Indian education after independence
700 ## - ADDED ENTRY--PERSONAL NAME
Personal name Deka, Nabanita
Relator term Author
700 ## - ADDED ENTRY--PERSONAL NAME
Personal name Ali, Lokman
Relator term Author
700 ## - ADDED ENTRY--PERSONAL NAME
Personal name Saikia, Dipti
Relator term Author
700 ## - ADDED ENTRY--PERSONAL NAME
Personal name Lahkar, Barnali
Relator term Author
942 ## - ADDED ENTRY ELEMENTS (KOHA)
Source of classification or shelving scheme Dewey Decimal Classification
Koha item type Books
Holdings
Withdrawn status Lost status Source of classification or shelving scheme Damaged status Not for loan Collection code Home library Current library Shelving location Date acquired Cost, normal purchase price Total Checkouts Full call number Barcode Date last seen Date last checked out Copy number Price effective from Koha item type Date due
    Dewey Decimal Classification     Education Naharkatiya College Library Naharkatiya College Library General Stacks 17/11/2021 480.00 1 370.54 EDU 28671 30/08/2023 28/06/2023 1 17/11/2021 Books  
    Dewey Decimal Classification     Education Naharkatiya College Library Naharkatiya College Library General Stacks 17/11/2021 480.00 3 370.54 EDU 28672 08/08/2023 08/08/2023 2 17/11/2021 Books 23/08/2023

Naharkatiya College © 2020. All rights reserved.

Powered By